C++ neural networks and fuzzy logic / (Record no. 183120)

MARC details
000 -LEADER
fixed length control field 01058nam a2200313Ia 4500
005 - DATE AND TIME OF LATEST TRANSACTION
control field 20220719134247.0
008 - FIXED-LENGTH DATA ELEMENTS--GENERAL INFORMATION
fixed length control field 210716s1996 xx 000 0 und d
020 ## - INTERNATIONAL STANDARD BOOK NUMBER
International Standard Book Number 8170296943
040 ## - CATALOGING SOURCE
Transcribing agency AIMIT LIBRARY
041 ## - LANGUAGE CODE
Language code of text/sound track or separate title eng
082 ## - DEWEY DECIMAL CLASSIFICATION NUMBER
Classification number 006.32
Edition number 2
Item number RAOV
100 ## - MAIN ENTRY--PERSONAL NAME
Personal name Rao, Valluru
9 (RLIN) 51206
245 ## - TITLE STATEMENT
Title C++ neural networks and fuzzy logic /
Statement of responsibility, etc. By Valluru Rao and Hayagriva Rao
250 ## - EDITION STATEMENT
Edition statement 2nd ed.
260 ## - PUBLICATION, DISTRIBUTION, ETC.
Place of publication, distribution, etc. New Delhi :
Name of publisher, distributor, etc. BPB Publications ,
Date of publication, distribution, etc. 1996.
300 ## - PHYSICAL DESCRIPTION
Extent xxiv, 551p. ;
Other physical details PB :
Dimensions 23 cm.
650 ## - SUBJECT ADDED ENTRY--TOPICAL TERM
Topical term or geographic name entry element Neural Networks
9 (RLIN) 51207
650 ## - SUBJECT ADDED ENTRY--TOPICAL TERM
Topical term or geographic name entry element C++ and Object Orientation
9 (RLIN) 51208
650 ## - SUBJECT ADDED ENTRY--TOPICAL TERM
Topical term or geographic name entry element A Look at Fuzzy Logic
9 (RLIN) 51209
650 ## - SUBJECT ADDED ENTRY--TOPICAL TERM
Topical term or geographic name entry element Constructing a Neural Network
9 (RLIN) 51210
650 ## - SUBJECT ADDED ENTRY--TOPICAL TERM
Topical term or geographic name entry element A Survey of Neural Network Models
9 (RLIN) 51211
650 ## - SUBJECT ADDED ENTRY--TOPICAL TERM
Topical term or geographic name entry element Learning and Training
9 (RLIN) 51212
650 ## - SUBJECT ADDED ENTRY--TOPICAL TERM
Topical term or geographic name entry element Backpropagation
9 (RLIN) 51213
650 ## - SUBJECT ADDED ENTRY--TOPICAL TERM
Topical term or geographic name entry element Bidirectional Associative Memory
9 (RLIN) 51214
651 ## - SUBJECT ADDED ENTRY--GEOGRAPHIC NAME
Geographic name Fuzzy Associative Memory
9 (RLIN) 51215
651 ## - SUBJECT ADDED ENTRY--GEOGRAPHIC NAME
Geographic name Adaptive Resonance Theory
9 (RLIN) 51216
700 ## - ADDED ENTRY--PERSONAL NAME
Personal name Rao, Hayagriva.
9 (RLIN) 51217
942 ## - ADDED ENTRY ELEMENTS (KOHA)
Source of classification or shelving scheme Dewey Decimal Classification
Koha item type Book
Edition 2nd
Call number prefix 006.32 RAOV
Holdings
Withdrawn status Lost status Damaged status Not for loan Collection code Home library Current library Date acquired Cost, normal purchase price Total Checkouts Full call number Barcode Date last seen Cost, replacement price Price effective from Koha item type
        MCA St Aloysius Institute of Management & Information Technology St Aloysius Institute of Management & Information Technology 07/16/2021 300.00   006.32 RAOV MCA02628 05/23/2026 300.00 07/16/2021 Book
        MCA St Aloysius Institute of Management & Information Technology St Aloysius Institute of Management & Information Technology 07/16/2021 300.00   006.32 RAOV MCA03596 05/23/2026 300.00 07/16/2021 Book
        MCA St Aloysius Institute of Management & Information Technology St Aloysius Institute of Management & Information Technology 07/16/2021 300.00   006.32 RAOV MCA04303 05/23/2026 300.00 07/16/2021 Book